Biblioteca

Escritos esenciales : Madre Teresa de Calcuta / Teresa de Calcuta; Jean Maalouf, Editor (Registro nro. 41440)

Detalles MARC
000 -LÍDER
Campo fijo de descripción fija 009130000a22002050004500
020 ## - NÚMERO INTERNACIONAL NORMALIZADO PARA LIBROS
Número Internacional Normalizado del libro 84-293-1455-5
041 0# - CÓDIGO DE IDIOMA
Código de idioma para texto/pista de sonido o título separado
082 04 - NÚMERO DE CLASIFICACIÓN DECIMAL DEWEY
Número de clasificación G 271.97 T316e
001 - NÚMERO DE CONTROL
Campo de control 12415
100 1# - ASIENTO PRINCIPAL--NOMBRE PERSONAL
Nombre personal Teresa de Calcuta (1910-)
245 10 - TÍTULO
Título del Material Escritos esenciales : Madre Teresa de Calcuta / Teresa de Calcuta; Jean Maalouf, Editor
260 ## - PUBLICACIÓN, DISTRIBUCIÓN, ETC. (PIE DE IMPRENTA)
Lugar de publicación, distribución, etc. Santander : Sal Terrae
300 ## - DESCRIPCIÓN FÍSICA
Extensión 190 Pag
336 ## - CONTENT TYPE
Content type term texto
Content type code txt
Source rdacontent
337 ## - MEDIA TYPE
Source rdamedia
Media type term sin mediación
Media type code n
338 ## - CARRIER TYPE
Source rdacarrier
Carrier type term volumen
Carrier type code nc
505 00 - NOTA DE CONTENIDO
Nota de contenido con formato preestablecido - La llamada de Dios - El Cristo de la vida - Centralidad de la oración - Silencio - Contemplación en la acción - La revolución del amor - Toda obra de amor es una obra de paz - El amor empieza en el hogar - Santa comunión - ¿Qué es la pobreza? - El arte de la felicidad - En busca de la santidad - El secreto del éxito cristiano
942 ## - TIPO DE MATERIAL (KOHA)
Tipo de Item KOHA Libros General
Existencias
Estado de Material Estado de Perdido Estado de Dañado No para Préstamo Colección Tomo Biblioteca de Origen Biblioteca Permanente Fecha de Adquisición Total de Préstamos Total de Renovaciones Signatura Topográfica Código de Barras Última vez visto Última vez Préstado Ejemplar/Existencia Fecha de Remplazo Tipo de Material
        Colección General   Biblioteca FUSBC Biblioteca FUSBC 21/07/2005 1 1 G 271.97 T316e 15354 12/12/2019 11/08/2016 1 26/01/2016 Libros General

Biblioteca FUSBC | Teléfono: (57+4) 349 88 10 Ext. 141| WhatsApp (+57) 3005338115 
E-mail: biblioteca@unisbc.edu.co | Calle 76 87-14 Robledo Palenque, Medellín, Colombia

Con tecnología Koha